000 00580nam a2200217Ia 4500
003 OSt
005 20220928145036.0
006 a|||||r|||| 00| 0
007 ta
008 220927b |||||||| |||| 00| 0 eng d
024 _a78402
037 _cTextual
040 _aSDCL
_cSDCL
_beng
041 _2eng
_aeng
082 _aQ2:31, F2
100 _aBarnett Lionel D
_9511360
245 0 _aHindu gods and heroes
_b Studies in the history of the religion of India.
260 _c1922
942 _hQ2:31, F2
_cTEXL
_2CC
999 _c831616
_d831616